000 00473nam a2200145Ia 4500
008 100122s9999 xx 000 0 und d
082 _b19959
_a823
100 _aहसमनीस द का
245 _aदेवांच्या अक्षता
260 _bरंजना प्रकाशन
_c1973
300 _a186
630 _aदेवांच्या अक्षता
730 _aदेवांच्या अक्षता
942 _cBOOK
999 _c408805
_d408802